The effects of Kv1.3 and IKCa1 channel inhibition on cytokine production and calcium influx of T lymphocytes in rheumatoid arthritis and ankylosing spondylitis

Kv1.3 and IKCa1 lymphocyte potassium channels have been implicated as important targets of selective immunomodulation. We compared the alterations in cytokine production upon selective inhibition of Kv1.3 or IKCa1 channels (by MGTX and TRAM, respectively) in healthy donors (HD), RA and AS patients....

Teljes leírás

Elmentve itt :
Bibliográfiai részletek
Szerzők: Toldi Gergely
Munoz Louis
Herrmann Martin
Schett Georg
Balog Attila
Dokumentumtípus: Cikk
Megjelent: 2016
Sorozat:IMMUNOLOGIC RESEARCH 64 No. 2
doi:10.1007/s12026-015-8683-8

mtmt:3083240
Online Access:http://publicatio.bibl.u-szeged.hu/9669
LEADER 02141nab a2200253 i 4500
001 publ9669
005 20200115115854.0
008 160929s2016 hu o 0|| zxx d
022 |a 0257-277X 
024 7 |a 10.1007/s12026-015-8683-8  |2 doi 
024 7 |a 3083240  |2 mtmt 
040 |a SZTE Publicatio Repozitórium  |b hun 
041 |a zxx 
100 1 |a Toldi Gergely 
245 1 4 |a The effects of Kv1.3 and IKCa1 channel inhibition on cytokine production and calcium influx of T lymphocytes in rheumatoid arthritis and ankylosing spondylitis  |h [elektronikus dokumentum] /  |c  Toldi Gergely 
260 |c 2016 
300 |a 627-631 
490 0 |a IMMUNOLOGIC RESEARCH  |v 64 No. 2 
520 3 |a Kv1.3 and IKCa1 lymphocyte potassium channels have been implicated as important targets of selective immunomodulation. We compared the alterations in cytokine production upon selective inhibition of Kv1.3 or IKCa1 channels (by MGTX and TRAM, respectively) in healthy donors (HD), RA and AS patients. We also determined calcium influx kinetics and its sensitivity to Kv1.3 and IKCa1 channel inhibition following PHA activation in CD4, Th1, Th2 and CD8 cells as well as monocytes. The application of TRAM resulted in a lower production of TNF-a and IL1-RA in all three study groups. Inhibition by TRAM had contrary effects on the production of IL-1b and IL-5: While their production was increased by PBMCs of RA patients, this effect was not observed in HD and AS PBMCs. While treatment with MGTX resulted in a similar decrease in calcium influx in the CD4 and Th2 subsets across all study groups, TRAM treatment had opposite effects on RA and HD samples: It decreased calcium influx in the Th2 and CD8 subsets in RA, while only Th1 cells were affected in HDs. The effects of IKCa1 channel inhibition are controversial in samples of RA and AS patients, since it shifts the inflammatory balance into the pro-inflammatory direction. 
700 0 1 |a Munoz Louis  |e aut 
700 0 1 |a Herrmann Martin  |e aut 
700 0 1 |a Schett Georg  |e aut 
700 0 1 |a Balog Attila  |e aut 
856 4 0 |u http://publicatio.bibl.u-szeged.hu/9669/1/K_csatornaRAmanuscript_u.pdf  |z Dokumentum-elérés